[Event "Pan American-ch School U11 12th"]
[Site "Callao"]
[Date "2023.10.20"]
[Round "8"]
[White "Ydrogo Agreda, Gustavo Alonso"]
[Black "Calluchi Carrillo, Thiago Andre"]
[Result "1/2-1/2"]
[WhiteElo "1138"]
[BlackElo "1272"]
[PlyCount "27"]
[EventDate "2023.10.16"]
[EventType "swiss"]
[EventRounds "9"]
[EventCountry "PER"]
[SourceTitle "CB48_2023"]
[SourceDate "2023.11.29"]
[SourceVersion "1"]
[SourceVersionDate "2023.11.29"]
[SourceQuality "1"]

1. d4 Nf6 2. Bf4 c5 3. e3 Qb6 4. Nc3 Qxb2 5. Nb5 Nd5 6. dxc5 Nxf4 7. exf4 Qb4+ 8. Qd2 Qxc5 9. Nf3 a6 10. Nbd4 Nc6 11. c3 g6 12. Bd3 Bg7 13. Bc2 0-0 14. 0-0 1/2-1/2